|
|
|
|
| LEADER |
00000nam a2200000 a 4500 |
| 001 |
vtls012064745 |
| 003 |
SK-MaSNL |
| 005 |
20260426001009.0 |
| 008 |
251112s1597 gw f 010 0 lat |
| 015 |
|
|
|a SNBHFA1597
|
| 035 |
|
|
|a urn:nbn:sk:snk-am00g4dc
|
| 035 |
|
|
|a urn:nbn:sk:snk-am3iw58
|
| 035 |
|
|
|a 61877A9A-2EAA-4BBC-9562-39D0FD58E7D3
|
| 040 |
|
|
|a SNKHF
|b slo
|c SNKHF
|e AACR2
|
| 041 |
|
|
|a lat
|
| 044 |
|
|
|a gw
|c DE
|
| 072 |
|
7 |
|a 16
|x Logika
|2 konspekt
|
| 080 |
|
|
|a 16
|2 2011
|
| 080 |
|
|
|a 101
|2 2011
|
| 100 |
1 |
|
|a Zabarella, Giacomo,
|d 1533-1589
|4 aut
|9 282843
|
| 245 |
1 |
0 |
|a Tabvlae Logicae, In Qvibvs Svmma Cvm facilitate ac breuitate ea omnia explicantur quae ab aliis prolixè declarari solent
|c Iacobi Zabarellae Patavini
|
| 250 |
|
|
|a Sexto Editae
|
| 260 |
|
|
|a Coloniae
|b Sumptibus Lazari Zetzneri
|c CIЬ. IЬ. XCVII. [=1597]
|
| 300 |
|
|
|a [2], 99-174, [8] strán
|c 4°
|
| 500 |
|
|
|a Signet, vinety, vlysy, linky, iniciálky s ornamentálnym pozadím vo voľnom priestore na 4, 7, 9 riadkov, kustódy
|
| 501 |
|
|
|a Príväzok 2. k: ZABARELLA, Jacopo. Opera Logica. Coloniae: Sumptibus Lazari Zetzneri, 1597. 4°.
|5 SNK IC 144772
|
| 501 |
|
|
|a Príväzok 3. k: ZABARELLA, Jacopo. Opera Logica. Coloniae: Sumptibus Lazari Zetzneri, 1597.
|5 SNK IC 95813
|
| 504 |
|
|
|a Marginálie
|
| 510 |
4 |
|
|a VD 16
|c Z/5
|
| 546 |
|
|
|a Latinčina
|b Kurzíva
|
| 561 |
|
|
|a Z knižnice františkánov v Bratislave.
|5 SNK IC 144772/prív.2
|
| 650 |
0 |
7 |
|a logika
|2 SNKPH
|9 806
|
| 650 |
0 |
7 |
|a filozofia
|2 SNKPH
|9 793
|
| 700 |
1 |
|
|a Zetzner, Lazare,
|d 1551-1616
|4 prt
|9 179885
|
| 700 |
0 |
|
|a Antonius Siculus,
|d 16. stor
|4 dto
|9 195686
|
| 700 |
0 |
|
|a Franciscus Cornelius,
|d 1547-1598
|4 hnr
|9 127696
|
| 710 |
1 |
|
|a Františkáni (Bratislava, Slovensko)
|4 fmo
|9 281881
|
| 752 |
|
|
|a Nemecko
|d Kolín nad Rýnom
|
| 852 |
|
|
|a snk
|b Historické fondy
|p IC 144772/prív.2
|
| 852 |
|
|
|a snk
|b Historické fondy
|p IC 95813/prív.3
|
| 958 |
|
|
|a ONDV
|
| 999 |
|
|
|c 871518
|d 873448
|
| 952 |
|
|
|t Tlače 16. storočia
|a SNK
|b SNK
|c SNK_HF
|y PREZ
|7 0
|p 17A1399613
|o snkIC 95813/prív.3
|i snkF 2531/84
|8 5
|0 0
|1 0
|4 0
|d 2022-06-02
|l 0
|r 2026-02-24 05:45:05
|w 2026-02-24
|
| 952 |
|
|
|t Fr Ba 13659
|a SNK
|b SNK
|c SNK_HF
|y PREZ
|7 0
|p 17A1303373
|o snkIC 144772/prív.2
|i snk2019/17872
|8 5
|0 0
|1 0
|4 0
|d 2021-08-06
|f 1
|l 0
|r 2026-02-24 05:45:05
|w 2026-02-24
|